000 00301nam a2200133Ia 4500
008 241014s9999||||xx |||||||||||||| ||und||
020 _a0-534-46773-9
100 _aBrown
245 0 _aOrganic Chemistry
250 _a4th
260 _bThomsom
_c2005
650 _aOrganic Chemistry
942 _bDCOP
_cBK
999 _c4505
_d4505